Les navettes spatiales américaines - Statistiques

Statistiques générales
  • Ce quiz a été pris 63 fois
  • Le résultat moyen est 4 sur 6
Statistiques - réponses
Premier vol Dernier vol Nom % Correct
4 avril 1983 28 janvier 1986 Challenger
94%
12 avril 1981 16 janvier 2003 Columbia
86%
3 octobre 1985 8 juillet 2011 Atlantis
74%
30 août 1984 24 février 2011 Discovery
72%
7 mai 1992 16 mai 2011 Endeavour
66%
17 juin 1977 26 octobre 1977 Enterprise
48%
Aucun quiz correspondant
Distribution des résultats
% des personnes avec chaque résultat
Percentile par nombre de réponses
Votre historique - résultats
Vous n’avez pas pris ce quiz